00558nam a2200169Ia 4500008004100000020001500041041001200056082001600068100001200084245004100096260003200137300000800169650001600177942000700193999001500200952017300215221030s9999 xx 000 0 und d a8173192995 aEnglish a105.23bDal aN. Dale 0aC++ Plus Data Structurescby N. Dale bNarosa PubaNew Delhic1999 a773 aBE Computer cBK c1524d1524 pBE 1000g275.00l0o105.23 Dalr2024-06-13 00:00:00w2022-10-30yBK003Print4070aMIETLIBbMIETLIBcBL-Academic Block - A, FL-1, CUP-90, SH-2, R-2d2000-02-0810HBE